Makers of Modern strategy : (Record no. 542682)
[ view plain ]
| 000 -LEADER | |
|---|---|
| fixed length control field | 01125mam a2200289 i 4500 |
| 082 ## - DEWEY DECIMAL CLASSIFICATION NUMBER | |
| Classification number | 355.02 |
| Author Mark | MAK |
| -- | L-40 P-72 |
| 100 1# - MAIN ENTRY--PERSONAL NAME | |
| Personal name | Earle, Edward Mead, |
| 9 (RLIN) | 37953 |
| 245 00 - TITLE STATEMENT | |
| Title | Makers of Modern strategy : |
| Remainder of title | military thought from Machiavelli to Hitler / |
| Statement of responsibility, etc. | edited by Edward Mead Earle; with the collaboration of Gordon A. Craig and Felix Gilbert. |
| 260 ## - PUBLICATION, DISTRIBUTION, ETC. | |
| Place of publication, distribution, etc. | Princeton : |
| Name of publisher, distributor, etc. | Princeton University Press, |
| Date of publication, distribution, etc. | c1971. |
| 300 ## - PHYSICAL DESCRIPTION | |
| Extent | xi, 553 p. : |
| Other physical details | ill. |
| 500 ## - GENERAL NOTE | |
| General note | Includes index. |
| 500 ## - GENERAL NOTE | |
| General note | Photocopy. Ann Arbor, Mich. : University Microfilms International, 1980. |
| 526 ## - STUDY PROGRAM INFORMATION NOTE | |
| Program name | 0 |
| Interest level | 0 |
| Reading level | 0 |
| Title point value | 355_020000000000000_MAK |
| 526 ## - STUDY PROGRAM INFORMATION NOTE | |
| Program name | 0 |
| Interest level | 0 |
| Reading level | 0 |
| Title point value | 355_020000000000000_MAK |
| 526 ## - STUDY PROGRAM INFORMATION NOTE | |
| Program name | 0 |
| Interest level | 0 |
| Reading level | 0 |
| Title point value | 355_020000000000000_MAK |
| 526 ## - STUDY PROGRAM INFORMATION NOTE | |
| Program name | 0 |
| Interest level | 0 |
| Reading level | 0 |
| Title point value | 355_020000000000000_MAK |
| 526 ## - STUDY PROGRAM INFORMATION NOTE | |
| Program name | 0 |
| Interest level | 0 |
| Reading level | 0 |
| Title point value | 355_020000000000000_MAK |
| 526 ## - STUDY PROGRAM INFORMATION NOTE | |
| Program name | 0 |
| Interest level | 0 |
| Reading level | 0 |
| Title point value | 355_420000000000000_STR |
| 650 #0 - SUBJECT ADDED ENTRY--TOPICAL TERM | |
| Topical term or geographic name entry element | MCE |
| 9 (RLIN) | 379 |
| 650 #0 - SUBJECT ADDED ENTRY--TOPICAL TERM | |
| Topical term or geographic name entry element | Military art and science |
| General subdivision | History. |
| 9 (RLIN) | 1734 |
| 650 #0 - SUBJECT ADDED ENTRY--TOPICAL TERM | |
| Topical term or geographic name entry element | Military history. |
| 9 (RLIN) | 1735 |
| 650 #0 - SUBJECT ADDED ENTRY--TOPICAL TERM | |
| Topical term or geographic name entry element | Strategy. |
| 9 (RLIN) | 37954 |
| 650 #0 - SUBJECT ADDED ENTRY--TOPICAL TERM | |
| Topical term or geographic name entry element | War. |
| 700 1# - ADDED ENTRY--PERSONAL NAME | |
| Personal name | Craig, Gordon Alexander, |
| 9 (RLIN) | 37955 |
| 700 1# - ADDED ENTRY--PERSONAL NAME | |
| Personal name | Gilbert, Felix, |
| 9 (RLIN) | 37956 |
| 942 ## - ADDED ENTRY ELEMENTS (KOHA) | |
| Source of classification or shelving scheme | |
| Koha item type | Book |
| Withdrawn status | Lost status | Source of classification or shelving scheme | Damaged status | Not for loan | Permanent Location | Current Location | Date acquired | Total Checkouts | Full call number | Barcode | Date last seen | Price effective from | Koha item type | Date last checked out |
|---|---|---|---|---|---|---|---|---|---|---|---|---|---|---|
| Military College of Engineering (MCE) | Military College of Engineering (MCE) | 12/16/2014 | 355.02 MAK | MCE-3919/3 | 12/16/2014 | 03/14/2021 | Book | |||||||
| Military College of Engineering (MCE) | Military College of Engineering (MCE) | 12/16/2014 | 355.02 MAK | MCE-3919/2 | 12/16/2014 | 03/14/2021 | Book | |||||||
| Military College of Engineering (MCE) | Military College of Engineering (MCE) | 12/16/2014 | 2 | 355.02 MAK | MCE-3917 | 05/31/2018 | 03/14/2021 | Book | 05/30/2018 | |||||
| Military College of Engineering (MCE) | Military College of Engineering (MCE) | 12/16/2014 | 355.02 MAK | MCE-3918 | 10/01/2019 | 03/14/2021 | Book | |||||||
| Military College of Engineering (MCE) | Military College of Engineering (MCE) | 02/11/2014 | 355.02 MAK | MCE-35348 | 02/11/2014 | 03/14/2021 | Book | |||||||
| Military College of Engineering (MCE) | Military College of Engineering (MCE) | 12/16/2014 | 355.42 STR | MCE-3919 | 12/16/2014 | 12/16/2014 | Book |
